000 00678cam a2200205 4500
001 2209239
005 20241129141215.0
008 740503s1974 enk bd 000 0 eng
020 _a0192115456
050 0 0 _aBR95
_b.O8 1974
082 0 0 _a203
245 0 4 _aThe Oxford dictionary of the Christian Church,
_cedited by F. L. Cross.
250 _a2d ed.,
_bedited by F. L. Cross and E. A. Livingstone.
260 _aLondon,
_aNew York,
_bOxford University Press,
_c1974.
300 _axxxi, 1518 p.
_c24 cm.
650 0 _aChristianity
_xDictionaries.
700 1 _aCross, F. L.
_q(Frank Leslie),
_d1900-1968,
_eed.
700 1 _aLivingstone, Elizabeth A.,
_eed.
942 _2lcc
_cBK
_n0
999 _c1764
_d1764